000 00773nam a2200265Ia 4500
003 OSt
005 20220918164725.0
006 a|||||r|||| 00| 0
007 ta
008 220917b |||||||| |||| 00| 0 eng d
020 _a071851811X
024 _a2,290
037 _cTextual
040 _aARTS
_cARTS
_beng
041 _2eng
_aeng
082 _aW:5111, N7
100 _aRamsay Maureen
_920301
245 0 _aWhat's wrong with liberalism? A radical critique of liberal political philosophy
260 _aLondoan
_bLeicester Univ Gt. Brit.
_c1997
300 _a271p.
_ccm.
490 _aCritical political studies
650 _aLIBERALISM; POLITICAL SCIENCE
_920302
942 _hW:5111, N7
_cTEXL
_2CC
999 _c126188
_d126188